Fo jiao xue yan jiu /
Saved in:
| Main Author: | |
|---|---|
| Format: | Book |
| Language: | Chinese |
| Published: |
Hualian :
Jidu jiao yan jiu she,
1964.
|
| Subjects: | |
| Tags: |
Add Tag
No Tags, Be the first to tag this record!
|
| LEADER | 00698cam a2200217ui 4500 | ||
|---|---|---|---|
| 001 | 007768021-9 | ||
| 005 | 20024617112705.0 | ||
| 008 | 980418s1964 ch a 000 0 chi d | ||
| 035 | 0 | |a ocm38977585 | |
| 040 | |a *YNH* |c *YNH* |d CStRLIN | ||
| 100 | 1 | |6 880-01 |a Gong, Tianmin, |d 1926- | |
| 245 | 1 | 0 | |6 880-02 |a Fo jiao xue yan jiu / |c Gong Tianmin zhu. |
| 260 | |6 880-03 |a Hualian : |b Jidu jiao yan jiu she, |c 1964. | ||
| 300 | |a 1 v. (Various pagings) : |b ill. ; |c 19 cm. | ||
| 650 | 0 | |a Buddha (The concept) | |
| 650 | 0 | |a Buddhism. | |
| 880 | 1 | |6 100-01 |a 龔天民, |d 1926- | |
| 880 | 1 | 0 | |6 245-02 |a 佛敎學研究 / |c 龔天民著. |
| 880 | |6 260-03 |a 花蓮 : |b 基督教研究社, |c 1964. | ||
| 988 | |a 20021121 | ||
| 906 | |0 MH | ||


